[Event "Wroclaw"]
[Site "?"]
[Date "2020.08.25"]
[Round "1.1"]
[White "Teclaf, Pawel"]
[Black "Dixa, Oskar"]
[Result "1-0"]
[BlackElo "1671"]
[WhiteElo "2382"]
[LiveChessVersion "1.4.8"]

1. e4 {[%clk 0:15:18]} c5 {[%clk 0:14:58]} 2. Nf3 {[%clk 0:15:27]} d6
{[%clk 0:14:51]} 3. d4 {[%clk 0:15:36]} cxd4 {[%clk 0:14:53]} 4. Nxd4 Nf6
{[%clk 0:14:57]} 5. Nc3 {[%clk 0:15:53]} e6 {[%clk 0:15:02]} 6. g4
{[%clk 0:15:57]} h6 {[%clk 0:14:52]} 7. h4 {[%clk 0:15:58]} Be7 {[%clk 0:14:34]}
8. Rg1 {[%clk 0:16:06]} h5 {[%clk 0:14:02]} 9. g5 {[%clk 0:16:02]} Ng4
{[%clk 0:13:18]} 10. Be2 {[%clk 0:15:56]} Nc6 {[%clk 0:11:27]} 11. f3
{[%clk 0:16:04]} Qb6 {[%clk 0:11:08]} 12. fxg4 {[%clk 0:15:08]} Nxd4
{[%clk 0:11:16]} 13. Rg3 {[%clk 0:15:15]} Nxe2 {[%clk 0:10:42]} 14. Qxe2
{[%clk 0:15:17]} hxg4 {[%clk 0:10:51]} 15. Rxg4 {[%clk 0:14:28]} e5
{[%clk 0:10:00]} 16. Nd5 {[%clk 0:14:35]} Bxg4 {[%clk 0:09:55]} 17. Qxg4
{[%clk 0:14:44]} Qc5 {[%clk 0:09:30]} 18. Be3 {[%clk 0:14:41]} Qc8
{[%clk 0:09:19]} 19. Qe2 {[%clk 0:13:38]} Qd7 {[%clk 0:07:10]} 20. Bf2
{[%clk 0:12:25]} b6 {[%clk 0:06:08]} 21. O-O-O {[%clk 0:12:31]} Rc8
{[%clk 0:05:32]} 22. Kb1 {[%clk 0:12:31]} f6 {[%clk 0:05:16]} 23. gxf6
{[%clk 0:12:08]} Bxf6 {[%clk 0:05:24]} 24. h5 {[%clk 0:12:17]} Kf7
{[%clk 0:04:14]} 25. Be3 {[%clk 0:12:17]} Qh3 {[%clk 0:03:52]} 26. h6
{[%clk 0:12:26]} Rxh6 {[%clk 0:03:50]} 27. Bxh6 {[%clk 0:12:35]} Qxh6
{[%clk 0:03:55]} 28. Qa6 {[%clk 0:12:42]} Qh3 29. Qxa7+ {[%clk 0:12:13]} Kf8
{[%clk 0:03:28]} 30. Qxb6 {[%clk 0:12:11]} Qg4 {[%clk 0:03:03]} 31. Qxd6+
{[%clk 0:12:13]} Kg8 {[%clk 0:03:11]} 32. Rf1 {[%clk 0:11:25]} Qg2
{[%clk 0:01:43]} 33. Qe6+ {[%clk 0:11:28]} Kh7 {[%clk 0:01:52]} 34. Nxf6+
{[%clk 0:11:36]} gxf6 {[%clk 0:01:58]} 1-0

[Event "Wroclaw"]
[Site "?"]
[Date "2020.08.25"]
[Round "1.2"]
[White "Pelka, Michal"]
[Black "Godzwon, Iwo"]
[Result "0-1"]
[BlackElo "2278"]
[WhiteElo "1668"]
[LiveChessVersion "1.4.8"]

1. e4 {[%clk 0:15:18]} c5 {[%clk 0:15:19]} 2. b4 {[%clk 0:15:19]} cxb4
{[%clk 0:15:02]} 3. a3 {[%clk 0:15:29]} d5 {[%clk 0:13:35]} 4. exd5
{[%clk 0:15:33]} Qxd5 {[%clk 0:13:43]} 5. Bb2 {[%clk 0:15:41]} e5
{[%clk 0:12:51]} 6. c4 {[%clk 0:15:49]} bxc3 {[%clk 0:11:02]} 7. Nxc3
{[%clk 0:15:57]} Qa5 {[%clk 0:09:58]} 8. Bb5+ {[%clk 0:14:21]} Bd7
{[%clk 0:09:23]} 9. Qe2 {[%clk 0:14:29]} Nc6 {[%clk 0:08:54]} 10. Nf3
{[%clk 0:14:06]} f6 {[%clk 0:06:34]} 11. d4 {[%clk 0:12:58]} a6 {[%clk 0:05:57]}
12. Bc4 {[%clk 0:06:22]} Nge7 {[%clk 0:05:33]} 13. O-O {[%clk 0:06:15]} Bg4
{[%clk 0:04:57]} 14. Ne4 {[%clk 0:05:09]} O-O-O {[%clk 0:04:38]} 15. dxe5
{[%clk 0:03:25]} Bxf3 {[%clk 0:03:43]} 16. Qxf3 {[%clk 0:03:27]} Nxe5
{[%clk 0:03:52]} 17. Be6+ {[%clk 0:02:05]} Kb8 {[%clk 0:04:00]} 18. Qg3
{[%clk 0:01:49]} N7g6 {[%clk 0:04:09]} 19. Rfd1 {[%clk 0:01:32]} Be7
{[%clk 0:04:04]} 20. Kh1 {[%clk 0:01:25]} Qa4 {[%clk 0:03:39]} 21. Bf5
{[%clk 0:01:13]} Rxd1+ {[%clk 0:03:47]} 0-1

[Event "Wroclaw"]
[Site "?"]
[Date "2020.08.25"]
[Round "1.3"]
[White "Kozak, Antoni"]
[Black "Rogala, Milosz"]
[Result "1-0"]
[BlackElo "1668"]
[WhiteElo "2270"]
[LiveChessVersion "1.4.8"]

1. Nf3 {[%clk 0:15:15]} d5 {[%clk 0:15:13]} 2. e3 {[%clk 0:15:23]} Nf6
{[%clk 0:15:13]} 3. b3 {[%clk 0:15:30]} g6 {[%clk 0:14:58]} 4. Bb2
{[%clk 0:15:39]} Bg7 {[%clk 0:15:06]} 5. Be2 {[%clk 0:15:31]} Bg4
{[%clk 0:14:39]} 6. h3 {[%clk 0:15:36]} Bxf3 {[%clk 0:14:47]} 7. Bxf3
{[%clk 0:15:44]} c6 {[%clk 0:14:43]} 8. O-O {[%clk 0:14:11]} Nbd7
{[%clk 0:14:20]} 9. c4 {[%clk 0:14:13]} dxc4 {[%clk 0:13:33]} 10. bxc4
{[%clk 0:14:20]} O-O {[%clk 0:12:38]} 11. d4 {[%clk 0:14:14]} Qc7
{[%clk 0:12:12]} 12. Nc3 {[%clk 0:13:53]} Rad8 {[%clk 0:10:00]} 13. Qa4
{[%clk 0:11:38]} e5 {[%clk 0:08:34]} 14. Rad1 {[%clk 0:09:44]} Nb6
{[%clk 0:06:48]} 15. Qb3 {[%clk 0:09:37]} exd4 {[%clk 0:05:44]} 16. exd4
{[%clk 0:09:45]} Rd7 {[%clk 0:05:14]} 17. a4 {[%clk 0:09:12]} Rfd8
{[%clk 0:04:18]} 18. a5 {[%clk 0:09:17]} Nc8 {[%clk 0:04:26]} 19. a6
{[%clk 0:09:27]} bxa6 {[%clk 0:04:22]} 20. Na4 {[%clk 0:09:08]} Nd6
{[%clk 0:03:02]} 21. Nc5 {[%clk 0:09:06]} Re7 {[%clk 0:03:02]} 22. Nxa6
{[%clk 0:08:48]} Qc8 {[%clk 0:02:48]} 23. Qa4 {[%clk 0:08:44]} Nf5
{[%clk 0:02:06]} 24. Qxc6 {[%clk 0:07:08]} Qxc6 {[%clk 0:01:21]} 25. Bxc6
{[%clk 0:07:16]} Re2 {[%clk 0:01:29]} 26. Ba1 {[%clk 0:07:07]} Rc2
{[%clk 0:01:11]} 27. c5 {[%clk 0:07:07]} Re2 {[%clk 0:00:26]} 28. Bb7
{[%clk 0:06:38]} Nd5 {[%clk 0:00:24]} 29. g4 {[%clk 0:06:21]} Nh4
{[%clk 0:00:14]} 30. Bxd5 {[%clk 0:06:27]} Rxd5 {[%clk 0:00:22]} 31. c6
{[%clk 0:06:35]} Nf3+ {[%clk 0:00:17]} 32. Kg2 {[%clk 0:06:41]} Nxd4
{[%clk 0:00:20]} 33. c7 {[%clk 0:06:35]} Re8 {[%clk 0:00:29]} 34. Bxd4
{[%clk 0:05:44]} Rxd4 {[%clk 0:00:31]} 35. Rxd4 {[%clk 0:05:53]} Bxd4
{[%clk 0:00:40]} 36. Kf3 {[%clk 0:04:53]} Bb6 {[%clk 0:00:44]} 37. Rc1
{[%clk 0:05:02]} Rc8 {[%clk 0:00:52]} 38. Ke4 {[%clk 0:05:11]} Bxf2
{[%clk 0:00:47]} 39. Kd5 {[%clk 0:05:20]} Bg3 {[%clk 0:00:55]} 40. Kc6
{[%clk 0:05:16]} Bxc7 {[%clk 0:00:59]} 41. Nxc7 {[%clk 0:05:24]} Rd8
{[%clk 0:01:05]} 42. Rc3 {[%clk 0:04:47]} Kg7 {[%clk 0:01:04]} 43. Rf3
{[%clk 0:04:52]} Rd1 {[%clk 0:00:49]} 44. Ne8+ {[%clk 0:04:59]} Kh6
{[%clk 0:00:26]} 45. Rxf7 {[%clk 0:04:15]} Rd3 {[%clk 0:00:35]} 46. Nf6
{[%clk 0:03:44]} Kg5 {[%clk 0:00:07]} 47. Ne4+ {[%clk 0:03:53]} 1-0

[Event "Wroclaw"]
[Site "?"]
[Date "2020.08.25"]
[Round "1.4"]
[White "Krawczyk, Wojciech"]
[Black "Szpar, Milosz"]
[Result "0-1"]
[BlackElo "2262"]
[WhiteElo "1644"]
[LiveChessVersion "1.4.8"]

1. d4 Nf6 2. Bf4 b6 3. e3 Bb7 4. Nf3 g6 5. Nbd2 Bg7 6. c3 O-O 7. Bc4 d6 8. O-O
Nbd7 9. Qb3 e6 10. Rad1 Qe7 11. Bg3 h6 12. a4 a6 13. Qc2 Nh5 14. b4 f5 15. Qb3
Rae8 16. Be2 Kh7 17. c4 e5 18. dxe5 dxe5 19. Qc2 Qxb4 20. Nb1 Be4 21. Qd2 Qxd2
22. Rxd2 Nc5 23. Nc3 Bxf3 24. Bxf3 Nxg3 25. hxg3 e4 26. Nd5 exf3 27. gxf3 Rf7 28.
Rfd1 Nxa4 29. Nf4 Nc5 30. g4 fxg4 31. fxg4 a5 32. Kg2 a4 33. Nd5 Re4 0-1

[Event "Wroclaw"]
[Site "?"]
[Date "2020.08.25"]
[Round "1.5"]
[White "Mis, Mieszko"]
[Black "Gawor, Jan Pawel"]
[Result "1-0"]
[BlackElo "1626"]
[WhiteElo "2258"]
[LiveChessVersion "1.4.8"]

1. d4 Nf6 2. c4 c5 3. d5 b5 4. cxb5 a6 5. e3 g6 6. Nc3 Bg7 7. Nf3 d6 8. a4 O-O 9.
e4 axb5 10. Bxb5 Ba6 11. Bxa6 Nxa6 12. O-O Qb6 13. Qe2 Nb4 14. Bg5 Ra5 15. Nd2
Ra7 16. Nc4 Qa6 17. Nb5 Rb7 18. b3 Nxe4 19. Qxe4 Bxa1 20. Rxa1 Rxb5 21. Qxe7 Nxd5
22. Qe4 Nc7 23. Bh6 Re8 24. Qf3 d5 25. Qc3 d4 26. axb5 dxc3 27. bxa6 Nxa6 28. Be3
Nb4 29. Rc1 c2 30. Kf1 Rd8 31. Ke2 Rd5 32. Bd2 Nc6 33. Bc3 Nb4 34. Bxb4 cxb4 35.
Rxc2 1-0

[Event "Wroclaw"]
[Site "?"]
[Date "2020.08.25"]
[Round "1.6"]
[White "Twardowski, Hubert"]
[Black "Psyk, Radoslaw"]
[Result "0-1"]
[BlackElo "2236"]
[WhiteElo "1613"]
[LiveChessVersion "1.4.8"]

1. e4 {[%clk 0:15:14]} Nf6 {[%clk 0:15:01]} 2. e5 {[%clk 0:15:11]} Nd5
{[%clk 0:15:10]} 3. c4 {[%clk 0:15:20]} Nb6 {[%clk 0:15:19]} 4. d4
{[%clk 0:15:23]} d6 {[%clk 0:15:27]} 5. exd6 {[%clk 0:15:32]} exd6
{[%clk 0:15:36]} 6. Nc3 {[%clk 0:15:35]} Be7 {[%clk 0:15:45]} 7. Be2
{[%clk 0:15:26]} O-O {[%clk 0:15:24]} 8. Be3 {[%clk 0:15:35]} Re8
{[%clk 0:11:52]} 9. Nf3 {[%clk 0:15:10]} Bf5 {[%clk 0:11:43]} 10. O-O
{[%clk 0:14:36]} Bf6 {[%clk 0:11:31]} 11. Qd2 {[%clk 0:09:59]} Nc6
{[%clk 0:10:27]} 12. Rac1 {[%clk 0:09:55]} d5 {[%clk 0:07:29]} 13. c5
{[%clk 0:04:20]} Nc4 {[%clk 0:05:49]} 14. Bxc4 {[%clk 0:03:52]} dxc4
{[%clk 0:05:56]} 15. d5 {[%clk 0:03:20]} Nb4 {[%clk 0:05:47]} 16. Nd4
{[%clk 0:02:19]} Bd3 {[%clk 0:05:43]} 17. Nde2 {[%clk 0:01:24]} Bxc3
{[%clk 0:01:42]} 18. Nxc3 {[%clk 0:00:48]} Bxf1 {[%clk 0:01:24]} 19. Rxf1
{[%clk 0:00:57]} Qd7 {[%clk 0:01:10]} 20. a3 {[%clk 0:00:35]} Nd3
{[%clk 0:01:18]} 21. b3 {[%clk 0:00:40]} Ne5 {[%clk 0:01:20]} 22. b4
{[%clk 0:00:25]} Rad8 {[%clk 0:01:24]} 23. Qd4 {[%clk 0:00:22]} Ng4
{[%clk 0:00:59]} 24. Bf4 {[%clk 0:00:19]} Nf6 {[%clk 0:00:37]} 25. Rd1
{[%clk 0:00:17]} Nxd5 {[%clk 0:00:28]} 26. Rf1 Nf6 0-1

[Event "Wroclaw"]
[Site "?"]
[Date "2020.08.25"]
[Round "1.7"]
[White "Sanz Wawer, Daniel"]
[Black "Lewandowski, Wiktor"]
[Result "1/2-1/2"]
[BlackElo "1604"]
[WhiteElo "2220"]
[LiveChessVersion "1.4.8"]

1. d4 {[%clk 0:15:17]} d5 {[%clk 0:15:19]} 2. c4 {[%clk 0:15:26]} c6
{[%clk 0:15:28]} 3. Nd2 {[%clk 0:15:14]} Nf6 {[%clk 0:15:25]} 4. Ngf3
{[%clk 0:15:23]} Bf5 {[%clk 0:15:19]} 5. Nh4 {[%clk 0:15:12]} Bg6
{[%clk 0:14:31]} 6. Qb3 {[%clk 0:15:05]} Qb6 {[%clk 0:13:25]} 7. Qh3
{[%clk 0:14:54]} Nbd7 {[%clk 0:12:54]} 8. Nxg6 {[%clk 0:15:02]} fxg6
{[%clk 0:13:02]} 9. e3 {[%clk 0:13:58]} O-O-O {[%clk 0:11:35]} 10. Be2
{[%clk 0:11:50]} h5 {[%clk 0:10:55]} 11. O-O {[%clk 0:10:50]} g5 {[%clk 0:10:44]}
12. Qf5 {[%clk 0:09:58]} g4 {[%clk 0:10:18]} 13. cxd5 {[%clk 0:09:38]} Nxd5
{[%clk 0:09:39]} 14. Nc4 {[%clk 0:09:18]} Qc7 {[%clk 0:07:06]} 15. Ne5
{[%clk 0:07:20]} Rh6 {[%clk 0:05:14]} 16. Nf7 {[%clk 0:04:25]} Rf6
{[%clk 0:03:57]} 17. Qxh5 {[%clk 0:04:33]} g6 {[%clk 0:03:47]} 18. Qh7
{[%clk 0:04:40]} Re8 {[%clk 0:03:44]} 19. Bxg4 {[%clk 0:03:52]} e6
{[%clk 0:03:14]} 20. Ng5 {[%clk 0:03:21]} Bd6 {[%clk 0:02:03]} 21. Ne4
{[%clk 0:03:06]} Rff8 {[%clk 0:01:49]} 22. Nxd6+ {[%clk 0:03:15]} Qxd6
{[%clk 0:01:58]} 23. Qh3 {[%clk 0:02:42]} N7f6 {[%clk 0:01:47]} 24. Bf3
{[%clk 0:02:25]} g5 {[%clk 0:01:06]} 25. Qg3 {[%clk 0:02:14]} Qe7
{[%clk 0:01:13]} 26. e4 {[%clk 0:01:32]} Nf4 {[%clk 0:01:10]} 27. Bxf4
{[%clk 0:00:38]} gxf4 {[%clk 0:01:19]} 28. Qg5 {[%clk 0:00:32]} Rg8
{[%clk 0:01:16]} 29. Qc5 {[%clk 0:00:41]} Qh7 {[%clk 0:01:17]} 30. d5
{[%clk 0:00:21]} Rh8 {[%clk 0:01:14]} 31. h3 {[%clk 0:00:30]} Reg8
{[%clk 0:00:54]} 32. Kh2 {[%clk 0:00:32]} Rxg2+ {[%clk 0:00:43]} 33. Bxg2
{[%clk 0:00:36]} f3 {[%clk 0:00:53]} 34. dxc6 {[%clk 0:00:19]} fxg2
{[%clk 0:00:23]} 35. cxb7+ {[%clk 0:00:28]} Kxb7 {[%clk 0:00:24]} 36. Qb5+
{[%clk 0:00:32]} Ka8 {[%clk 0:00:33]} 37. Qc6+ {[%clk 0:00:41]} Kb8
{[%clk 0:00:41]} 38. Qb5+ {[%clk 0:00:36]} Ka8 {[%clk 0:00:51]} 39. Qc6+
{[%clk 0:00:38]} Kb8 {[%clk 0:01:00]} 40. Qb5+ {[%clk 0:00:22]} Ka8
{[%clk 0:01:09]} 41. Qc6+ 1/2-1/2

[Event "Wroclaw"]
[Site "?"]
[Date "2020.08.25"]
[Round "1.8"]
[White "Michalowski, Patryk"]
[Black "Nowak, Mikolaj"]
[Result "0-1"]
[BlackElo "2200"]
[WhiteElo "1603"]
[LiveChessVersion "1.4.8"]

1. e4 {[%clk 0:15:18]} Nc6 {[%clk 0:03:48]} 2. d4 {[%clk 0:15:24]} d5
{[%clk 0:03:53]} 3. e5 {[%clk 0:15:28]} Bf5 {[%clk 0:04:00]} 4. Nf3
{[%clk 0:15:32]} e6 {[%clk 0:04:08]} 5. c3 {[%clk 0:15:20]} f6 {[%clk 0:04:01]}
6. Bf4 {[%clk 0:15:04]} Nge7 {[%clk 0:03:43]} 7. exf6 {[%clk 0:14:42]} gxf6
{[%clk 0:03:50]} 8. Nh4 {[%clk 0:14:45]} Bg6 {[%clk 0:03:28]} 9. Qg4
{[%clk 0:12:06]} Qd7 {[%clk 0:03:11]} 10. Bb5 {[%clk 0:12:10]} Bf7
{[%clk 0:02:51]} 11. Nd2 {[%clk 0:11:26]} a6 {[%clk 0:02:58]} 12. Ba4
{[%clk 0:11:32]} Rg8 {[%clk 0:02:13]} 13. Qe2 {[%clk 0:11:36]} O-O-O
{[%clk 0:01:59]} 14. Nb3 {[%clk 0:11:31]} Ng6 {[%clk 0:01:43]} 15. Nxg6
{[%clk 0:11:22]} Bxg6 {[%clk 0:01:26]} 16. Na5 {[%clk 0:10:56]} b5
{[%clk 0:01:29]} 17. Bxb5 {[%clk 0:09:41]} axb5 {[%clk 0:01:35]} 18. Qxb5
{[%clk 0:09:50]} Nxa5 {[%clk 0:01:36]} 19. Qxa5 {[%clk 0:09:47]} Qc6
{[%clk 0:01:29]} 20. O-O {[%clk 0:09:03]} Bd6 {[%clk 0:01:31]} 21. Bd2
{[%clk 0:08:33]} Bd3 {[%clk 0:01:25]} 22. Rfe1 {[%clk 0:08:38]} Kd7
{[%clk 0:01:14]} 23. c4 {[%clk 0:08:19]} dxc4 {[%clk 0:00:58]} 24. Qc3
{[%clk 0:07:55]} Qxg2# 0-1

[Event "Wroclaw"]
[Site "?"]
[Date "2020.08.25"]
[Round "1.9"]
[White "Fus, Jakub"]
[Black "Jagura Norbert"]
[Result "1-0"]
[BlackElo "1600"]
[WhiteElo "2191"]
[LiveChessVersion "1.4.8"]

1. e4 {[%clk 0:15:19]} e6 {[%clk 0:15:19]} 2. d4 {[%clk 0:15:27]} d5
{[%clk 0:15:26]} 3. Nc3 {[%clk 0:15:36]} Nf6 {[%clk 0:15:04]} 4. Bg5
{[%clk 0:15:45]} Be7 {[%clk 0:15:08]} 5. e5 {[%clk 0:15:46]} Nfd7
{[%clk 0:15:15]} 6. Bxe7 {[%clk 0:15:48]} Qxe7 {[%clk 0:15:23]} 7. f4
{[%clk 0:15:57]} a6 {[%clk 0:14:55]} 8. Nf3 {[%clk 0:16:04]} c5 {[%clk 0:15:02]}
9. Qd2 {[%clk 0:15:27]} Nc6 {[%clk 0:15:00]} 10. dxc5 {[%clk 0:15:04]} Qxc5
{[%clk 0:13:21]} 11. Bd3 {[%clk 0:14:45]} b5 {[%clk 0:13:13]} 12. Qf2
{[%clk 0:13:56]} Qxf2+ {[%clk 0:10:33]} 13. Kxf2 {[%clk 0:14:04]} g6
{[%clk 0:09:44]} 14. Ne2 {[%clk 0:13:19]} Nc5 {[%clk 0:08:00]} 15. Ke3
{[%clk 0:12:57]} Bd7 {[%clk 0:07:10]} 16. g4 {[%clk 0:12:49]} Ke7
{[%clk 0:05:28]} 17. h4 {[%clk 0:12:40]} h5 {[%clk 0:04:52]} 18. gxh5
{[%clk 0:12:49]} Rxh5 {[%clk 0:04:24]} 19. Ng3 {[%clk 0:12:58]} Rh6
{[%clk 0:03:08]} 20. h5 {[%clk 0:12:54]} gxh5 {[%clk 0:03:10]} 21. Rxh5
{[%clk 0:12:45]} Rxh5 {[%clk 0:02:27]} 22. Nxh5 {[%clk 0:12:54]} Nb4
{[%clk 0:02:07]} 23. Nd4 {[%clk 0:11:01]} Rh8 {[%clk 0:01:45]} 24. Be2
{[%clk 0:11:03]} Na4 {[%clk 0:00:36]} 25. c3 {[%clk 0:09:39]} Nc6
{[%clk 0:00:27]} 26. Rb1 {[%clk 0:09:33]} Nc5 {[%clk 0:00:20]} 27. Bf3
{[%clk 0:09:02]} Ne4 {[%clk 0:00:14]} 28. Rh1 {[%clk 0:08:52]} Nc5
{[%clk 0:00:17]} 29. b3 {[%clk 0:08:06]} Nb7 {[%clk 0:00:20]} 30. Rg1
{[%clk 0:07:38]} Nxd4 {[%clk 0:00:13]} 31. cxd4 {[%clk 0:06:57]} Rc8
{[%clk 0:00:22]} 32. Kd2 {[%clk 0:06:30]} a5 {[%clk 0:00:30]} 33. f5
{[%clk 0:06:20]} a4 {[%clk 0:00:14]} 34. f6+ {[%clk 0:04:36]} Kd8
{[%clk 0:00:23]} 35. Rg7 {[%clk 0:04:05]} axb3 {[%clk 0:00:20]} 36. axb3
{[%clk 0:04:14]} Be8 {[%clk 0:00:27]} 37. Nf4 {[%clk 0:03:59]} Na5
{[%clk 0:00:22]} 38. Bd1 {[%clk 0:04:04]} Rc7 {[%clk 0:00:17]} 39. Nd3
{[%clk 0:03:55]} Nb7 {[%clk 0:00:16]} 40. Bh5 {[%clk 0:03:52]} Kc8
{[%clk 0:00:12]} 41. Rg8 {[%clk 0:03:50]} Kd7 {[%clk 0:00:12]} 42. Rf8
{[%clk 0:03:48]} Kd8 {[%clk 0:00:13]} 43. Nf4 {[%clk 0:03:53]} Na5
{[%clk 0:00:20]} 44. Nxe6+ {[%clk 0:03:54]} fxe6 {[%clk 0:00:28]} 45. Rxe8+
{[%clk 0:04:03]} Kd7 {[%clk 0:00:34]} 46. Re7+ {[%clk 0:04:12]} 1-0

[Event "Wroclaw"]
[Site "?"]
[Date "2020.08.25"]
[Round "1.10"]
[White "Distel, Pawel"]
[Black "Pacan-Milej, Kosma"]
[Result "0-1"]
[BlackElo "2118"]
[WhiteElo "1574"]
[LiveChessVersion "1.4.8"]

1. Nf3 {[%clk 0:15:18]} Nf6 {[%clk 0:15:18]} 2. g3 {[%clk 0:15:27]} d5
{[%clk 0:15:26]} 3. Bg2 {[%clk 0:15:35]} c6 {[%clk 0:15:35]} 4. O-O
{[%clk 0:15:40]} Bg4 {[%clk 0:15:38]} 5. d3 {[%clk 0:15:46]} Nbd7
{[%clk 0:15:45]} 6. c3 {[%clk 0:15:16]} e5 {[%clk 0:15:50]} 7. Nbd2
{[%clk 0:13:20]} Bd6 {[%clk 0:15:55]} 8. e4 {[%clk 0:13:21]} O-O {[%clk 0:16:01]}
9. h3 {[%clk 0:12:09]} Bh5 {[%clk 0:16:04]} 10. g4 {[%clk 0:12:15]} Bg6
{[%clk 0:16:12]} 11. Nh4 {[%clk 0:12:14]} Re8 {[%clk 0:15:40]} 12. Nf5
{[%clk 0:12:12]} Bf8 {[%clk 0:15:35]} 13. h4 {[%clk 0:09:47]} Nc5
{[%clk 0:15:00]} 14. h5 {[%clk 0:05:15]} Bxf5 {[%clk 0:15:03]} 15. exf5
{[%clk 0:05:23]} h6 {[%clk 0:14:22]} 16. Nb3 {[%clk 0:04:09]} Nh7
{[%clk 0:13:40]} 17. f4 {[%clk 0:03:36]} exf4 {[%clk 0:13:10]} 18. Bxf4
{[%clk 0:03:03]} Bd6 {[%clk 0:13:18]} 19. Nxc5 {[%clk 0:02:30]} Bxc5+
{[%clk 0:13:25]} 20. d4 {[%clk 0:02:38]} Bd6 {[%clk 0:13:34]} 21. Qf3
{[%clk 0:02:23]} Bxf4 {[%clk 0:13:02]} 22. Qxf4 {[%clk 0:02:30]} Qh4
{[%clk 0:13:06]} 23. Rf3 {[%clk 0:01:04]} Nf6 {[%clk 0:12:57]} 24. Rh3
{[%clk 0:00:22]} Qxg4 {[%clk 0:12:56]} 25. Qxg4 {[%clk 0:00:19]} Nxg4
{[%clk 0:13:04]} 26. Bf3 {[%clk 0:00:18]} Nf6 {[%clk 0:12:44]} 27. Kf2
{[%clk 0:00:24]} Nh7 {[%clk 0:12:49]} 28. Re1 {[%clk 0:00:23]} Rxe1
{[%clk 0:12:49]} 29. Kxe1 {[%clk 0:00:31]} Ng5 {[%clk 0:12:58]} 30. Rg3
{[%clk 0:00:39]} Re8+ {[%clk 0:13:05]} 31. Kf2 {[%clk 0:00:46]} Kf8
{[%clk 0:13:07]} 32. b3 {[%clk 0:00:49]} Ke7 {[%clk 0:13:10]} 33. c4
{[%clk 0:00:22]} dxc4 {[%clk 0:13:18]} 34. bxc4 {[%clk 0:00:30]} Kf6
{[%clk 0:13:26]} 35. d5 {[%clk 0:00:23]} cxd5 {[%clk 0:13:34]} 36. Bxd5
{[%clk 0:00:21]} Ne4+ {[%clk 0:13:29]} 37. Bxe4 {[%clk 0:00:28]} Rxe4
{[%clk 0:13:37]} 38. c5 {[%clk 0:00:15]} Re5 {[%clk 0:13:37]} 0-1

[Event "Wroclaw"]
[Site "?"]
[Date "2020.08.25"]
[Round "1.11"]
[White "Golenia, Jan"]
[Black "Swiatek, Mateusz"]
[Result "1-0"]
[BlackElo "1570"]
[WhiteElo "2033"]
[LiveChessVersion "1.4.8"]

1. c4 {[%clk 0:15:17]} e5 {[%clk 0:15:14]} 2. Nc3 {[%clk 0:15:25]} Nf6
{[%clk 0:15:21]} 3. g3 {[%clk 0:15:33]} Nc6 {[%clk 0:15:25]} 4. Bg2
{[%clk 0:15:41]} Be7 {[%clk 0:15:13]} 5. e3 {[%clk 0:15:49]} O-O {[%clk 0:15:17]}
6. Nge2 {[%clk 0:15:55]} d6 {[%clk 0:15:03]} 7. O-O {[%clk 0:15:13]} Be6
{[%clk 0:14:59]} 8. d3 {[%clk 0:14:57]} Rb8 {[%clk 0:13:35]} 9. h3
{[%clk 0:14:56]} d5 {[%clk 0:13:19]} 10. cxd5 {[%clk 0:14:18]} Nxd5
{[%clk 0:13:26]} 11. d4 {[%clk 0:14:14]} exd4 {[%clk 0:12:46]} 12. exd4
{[%clk 0:12:46]} Bf6 {[%clk 0:12:44]} 13. Ne4 {[%clk 0:12:10]} Re8
{[%clk 0:10:50]} 14. Nxf6+ {[%clk 0:09:34]} Qxf6 {[%clk 0:10:53]} 15. Nf4
{[%clk 0:07:49]} Nxf4 {[%clk 0:09:16]} 16. Bxf4 {[%clk 0:07:56]} Nxd4
{[%clk 0:07:05]} 17. Bxc7 {[%clk 0:07:06]} Rbc8 {[%clk 0:06:32]} 18. Rc1
{[%clk 0:00:59]} Nb5 {[%clk 0:06:13]} 19. Qa4 {[%clk 0:00:47]} Nxc7
{[%clk 0:05:29]} 20. Rxc7 {[%clk 0:00:55]} Qxb2 {[%clk 0:04:53]} 21. Rxb7
{[%clk 0:00:18]} Qxa2 {[%clk 0:04:59]} 22. Qxa2 {[%clk 0:00:15]} Bxa2
{[%clk 0:05:06]} 23. Rxa7 {[%clk 0:00:24]} Be6 {[%clk 0:05:12]} 24. Re1
{[%clk 0:00:17]} Kf8 {[%clk 0:05:09]} 25. Rb1 {[%clk 0:00:18]} Re7
{[%clk 0:04:49]} 26. Ra5 {[%clk 0:00:18]} Rec7 {[%clk 0:04:44]} 27. g4
{[%clk 0:00:24]} Rc1+ {[%clk 0:04:50]} 28. Rxc1 {[%clk 0:00:33]} Rxc1+
{[%clk 0:04:58]} 29. Kh2 {[%clk 0:00:42]} Rc2 {[%clk 0:05:03]} 30. Kg3
{[%clk 0:00:50]} Ke7 {[%clk 0:05:11]} 31. Be4 {[%clk 0:00:40]} Rc3+
{[%clk 0:05:20]} 32. f3 {[%clk 0:00:48]} h6 {[%clk 0:05:28]} 33. h4
{[%clk 0:00:51]} Rc1 {[%clk 0:05:15]} 34. Kf4 {[%clk 0:00:52]} Rc7
{[%clk 0:04:41]} 35. Ra8 {[%clk 0:00:35]} Rd7 {[%clk 0:03:49]} 36. Rg8
{[%clk 0:00:28]} g6 {[%clk 0:01:10]} 37. Rh8 {[%clk 0:00:16]} Kf6
{[%clk 0:00:37]} 38. Rxh6 {[%clk 0:00:24]} Kg7 {[%clk 0:00:45]} 39. g5
{[%clk 0:00:33]} Rd4 {[%clk 0:00:37]} 40. h5 {[%clk 0:00:29]} Rb4
{[%clk 0:00:13]} 41. hxg6 {[%clk 0:00:37]} fxg6 {[%clk 0:00:21]} 42. Rxg6+
{[%clk 0:00:46]} Kf7 {[%clk 0:00:29]} 43. Rf6+ {[%clk 0:00:49]} Ke7
{[%clk 0:00:38]} 44. Rh6 {[%clk 0:00:58]} Bd5 {[%clk 0:00:35]} 45. Kf5
{[%clk 0:00:31]} Bxe4+ {[%clk 0:00:43]} 46. fxe4 {[%clk 0:00:41]} Rb1
{[%clk 0:00:44]} 47. Rh7+ {[%clk 0:00:47]} Kf8 {[%clk 0:00:52]} 48. Ra7
{[%clk 0:00:45]} Rf1+ {[%clk 0:00:57]} 49. Kg6 {[%clk 0:00:53]} Re1
{[%clk 0:01:04]} 50. Ra8+ {[%clk 0:00:25]} Ke7 {[%clk 0:01:09]} 51. Kg7
{[%clk 0:00:14]} Rxe4 {[%clk 0:01:15]} 52. g6 {[%clk 0:00:22]} Rh4
{[%clk 0:01:17]} 53. Kg8 {[%clk 0:00:19]} Kf6 {[%clk 0:01:17]} 54. g7
{[%clk 0:00:23]} Ke7 {[%clk 0:00:55]} 55. Ra7+ {[%clk 0:00:26]} Ke8
{[%clk 0:01:01]} 56. Ra3 {[%clk 0:00:17]} Re4 {[%clk 0:00:42]} 57. Ra6
{[%clk 0:00:18]} Ke7 {[%clk 0:00:36]} 58. Kh7 {[%clk 0:00:21]} 1-0